| 000 | 00346nam a2200133Ia 4500 | ||
|---|---|---|---|
| 008 | 240624s9999 xx 000 0 und d | ||
| 041 | _aeng | ||
| 082 | _a352.48 CHE | ||
| 100 | _aCHEN GREG G | ||
| 245 | _aBUDGET TOOLS FINANCIAL METHODS IN THE PU | ||
| 260 |
_c2009 _aWashington _bCQ Press |
||
| 300 | _axi, : 276 : p. : cm. ; 23 | ||
| 365 |
_c _b30 |
||
| 999 |
_c19714 _d19714 |
||